Detalles MARC
| 000 -LEADER |
| campo de control de longitud fija |
02373nam a22003737a 4500 |
| 001 - NÚMERO DE CONTROL |
| campo de control |
42835 |
| 003 - IDENTIFICADOR DE NÚMERO DE CONTROL |
| campo de control |
gtgccic |
| 005 - FECHA Y HORA DE LA ÚLTIMA TRANSACCIÓN |
| campo de control |
20260227101015.0 |
| 007 - CAMPO FIJO DE DESCRIPCIÓN FÍSICA--INFORMACIÓN GENERAL |
| campo de control de longitud fija |
ta |
| 008 - DATOS DE LONGITUD FIJA--INFORMACIÓN GENERAL |
| campo de control de longitud fija |
260227b gt ||||| |||| 00| 0 spa d |
| 040 ## - FUENTE DE CATALOGACIÓN |
| Centro catalogador/agencia de origen |
gtgccic |
| Lengua de catalogación |
spa |
| Centro/agencia transcriptor |
gtgccic |
| Normas de descripción |
rda |
| 084 ## - OTRO NÚMERO DE CLASIFICACIÓN |
| Número de control del registro de autoridad o número normalizado |
TPI-17-0133 |
| 100 10 - ENTRADA PRINCIPAL--NOMBRE DE PERSONA |
| Nombre de persona |
Luis Alberto Santoz Quiñónez |
| Fechas asociadas al nombre |
Licenciado en Ciencia Política |
| Término indicativo de función/relación |
autor |
| 245 10 - MENCIÓN DEL TÍTULO |
| Título |
Modelo de gestión participativa para la construcción de vivienda popular en el |
| Resto del título |
municipio de San Miguel Petapa, departamento de Guatemala / |
| Mención de responsabilidad, etc. |
Santos Quiñónez, Luis Alberto |
| 264 #1 - PRODUCCIÓN, PUBLICACIÓN, DISTRIBUCIÓN, FABRICACIÓN Y COPYRIGHT |
| Producción, publicación, distribución, fabricación y copyright |
Guatemala : |
| Nombre del de productor, editor, distribuidor, fabricante |
USAC, Facultad de Ingeniería ; |
| Fecha de producción, publicación, distribución, fabricación o copyright |
2017.- |
| 300 ## - DESCRIPCIÓN FÍSICA |
| Extensión |
122 p. |
| Otras características físicas |
il. |
| Dimensiones |
28 cm |
| 336 ## - TIPO DE CONTENIDO |
| Fuente |
rdacontenido |
| Término de tipo de contenido |
Texto |
| Código de tipo de contenido |
txt |
| 337 ## - TIPO DE MEDIO |
| Fuente |
rdamedio |
| Nombre/término del tipo de medio |
sin mediación |
| Código del tipo de medio |
n |
| 338 ## - TIPO DE SOPORTE |
| Fuente |
rdasoporte |
| Nombre/término del tipo de soporte |
volumen |
| Código del tipo de soporte |
nc |
| 502 ## - NOTA DE TESIS |
| Nota de tesis |
TesisPostgrado |
| Tipo de título |
MAESTRO EN ARTES EN INGENIERÍA PARA EL DESARROLLO MUNICIPAL |
| Nombre de la institución que otorga el título |
USAC, Facultad de Ingeniería |
| Año de obtención del título |
2017 |
| Identificador de la tesis |
TPI-17-0132 |
| 504 ## - NOTA DE BIBLIOGRAFÍA, ETC. |
| Nota de bibliografía, etc. Nota |
Bibliografía pag. 113 |
| 505 ## - NOTA DE CONTENIDO CON FORMATO |
| Título |
1. DESCRIPCIÓN BIOFÍSICA Y SOCIOECONÓMICA |
| 505 ## - NOTA DE CONTENIDO CON FORMATO |
| Título |
2. MARCO TEÓRICO Y REFERENCIAL<br/>Trabajo comunitario |
| 505 ## - NOTA DE CONTENIDO CON FORMATO |
| Título |
3. MARCO LEGAL DE LA PLANIFICACIÓN PARTICIPATIVA DE VIVIENDAS POPULARES |
| 505 ## - NOTA DE CONTENIDO CON FORMATO |
| Título |
4. PRESENTACIÓN, ANÁLISIS, INTERPRETACIÓN Y DISCUSIÓN DE RESULTADOS |
| 505 ## - NOTA DE CONTENIDO CON FORMATO |
| Título |
5. DISCUSIÓN DE RESULTADOS |
| 520 ## - RESUMEN, ETC. |
| Sumario, etc. |
Con la finalidad de conocer el nivel de participación de las personas en los proyectos que las instituciones gubernamentales y no gubernamentales ejecutan en conjunto, especialmente los de unidades habitacionales se propone este informe final, donde es necesario conocer los antecedentes históricos de la vivienda en Guatemala, de tal cuenta que, la posesión de la tierra fue un proceso interesante, porqjue a raíz de desastres naturalels, específicamente inundaciones han destruido comunidades y hasta ciudades, posteriormente se han edificado urbnaizaciones que con el paso del tiempo se convierten en importantes ciudades, San Miguel Petapa no escapa a estos procesos, se ha observado que en los últimos años se han impulsado proyectos participativos de viviendas, especialmente a los sectores menos favorecidos económicamente |
| 650 ## - PUNTO DE ACCESO ADICIONAL DE MATERIA--TÉRMINO DE MATERIA |
| Término de materia o nombre geográfico como elemento de entrada |
VIVIENDA |
| 650 ## - PUNTO DE ACCESO ADICIONAL DE MATERIA--TÉRMINO DE MATERIA |
| Término de materia o nombre geográfico como elemento de entrada |
MODELOS DE DESARROLLO |
| 650 ## - PUNTO DE ACCESO ADICIONAL DE MATERIA--TÉRMINO DE MATERIA |
| Término de materia o nombre geográfico como elemento de entrada |
PARTICIPACIÓN POPULAR |
| 700 ## - ENTRADA AGREGADA--NOMBRE PERSONAL |
| Nombre de persona |
Lic. Msc. Francisco José Lemus Miranda |
| Término indicativo de función/relación |
asesor |
| 942 ## - ELEMENTOS DE ENTRADA SECUNDARIOS (KOHA) |
| Fuente de la clasificación o esquema de estantería |
Clasificación Decimal Dewey |
| Tipo de ítem Koha |
TESISPOSTGRADO |
| 945 ## - PROCESAMIENTO DE INFORMACIÓN LOCAL (OCLC) |
| a |
amlo |